000 00840nam a2200253Ia 4500
003 OSt
005 20220923213737.0
006 a|||||r|||| 00| 0
007 ta
008 220922b |||||||| |||| 00| 0 hin d
024 _a164,306
037 _cTextual
040 _aARTS
_cARTS
_bhin
041 _2hin
_ahin
082 _aO152,1M89,18:g, L2
100 _aशर्मा, चित्रा
_9156318
245 0 _aकामायनी में प्रतीक विधान
246 _aKāmāyanī mean pratīk vidhāna
260 _aजयपुर
_b पंचशील प्रका0
_c1972
300 _a94पृ.
_ccm.
650 _aहिन्दी साहित्य
_9156264
942 _hO152,1M89,18:g, L2
_cTEXL
_2CC
999 _c318786
_d318786